MARC details
| 000 -CABECERA |
| campo de control de longitud fija |
01714cam a22003017i 4500 |
| 001 - NÚMERO DE CONTROL |
| campo de control |
10247990 |
| 003 - IDENTIFICADOR DEL NÚMERO DE CONTROL |
| campo de control |
CaAEU |
| 005 - FECHA Y HORA DE LA ÚLTIMA TRANSACCIÓN |
| campo de control |
20260511114640.0 |
| 006 - CÓDIGOS DE INFORMACIÓN DE LONGITUD FIJA--CARACTERÍSTICAS DEL MATERIAL ADICIONAL |
| campo de control de longitud fija |
m o d |
| 007 - CAMPO FIJO DE DESCRIPCIÓN FÍSICA--INFORMACIÓN GENERAL |
| campo de control de longitud fija |
cr||n||||||||| |
| 008 - DATOS DE LONGITUD FIJA--INFORMACIÓN GENERAL |
| campo de control de longitud fija |
230421s2023 enk o 0|0 0 eng d |
| 020 ## - NÚMERO INTERNACIONAL ESTÁNDAR DEL LIBRO |
| Número Internacional Estándar del Libro |
9781399407762 |
| 020 ## - NÚMERO INTERNACIONAL ESTÁNDAR DEL LIBRO |
| Número Internacional Estándar del Libro |
9781399407779 |
| Información calificativa |
(electronic bk.) |
| 020 ## - NÚMERO INTERNACIONAL ESTÁNDAR DEL LIBRO |
| ISBN cancelado o inválido |
9781399407786 |
| Información calificativa |
(paperback) |
| 037 ## - FUENTE DE ADQUISICIÓN |
| Número de adquisición |
7211494 |
| Fuente del número de adquisición |
Proquest Ebook Central |
| 039 ## - NIVEL DE CONTROL BIBLIOGRÁFICO Y DETALLES DE CODIFICACIÓN [OBSOLETO] |
| Nivel de reglas en descripción bibliográfica |
exclude |
| 040 ## - FUENTE DE LA CATALOGACIÓN |
| Centro catalogador/agencia de origen |
CaONFJC |
| Lengua de catalogación |
eng |
| Normas de descripción |
rda |
| Centro/agencia transcriptor |
CaONFJC |
| Centro/agencia modificador |
AEU |
| 041 ## - CÓDIGO DE LENGUA |
| Código de lengua del texto/banda sonora o título independiente |
English |
| 050 #4 - SIGNATURA TOPOGRÁFICA DE LA BIBLIOTECA DEL CONGRESO |
| Número de clasificación |
HF5549 |
| 245 10 - MENCIÓN DE TÍTULO |
| Título |
Tackle office nightmares |
| Resto del título |
: how to cope with tricky situations and people. |
| 264 #1 - PRODUCCIÓN, PUBLICACIÓN, DISTRIBUCIÓN, FABRICACIÓN Y COPYRIGHT |
| Producción, publicación, distribución, fabricación y copyright |
London : |
| Nombre del de productor, editor, distribuidor, fabricante |
Bloomsbury, |
| Fecha de producción, publicación, distribución, fabricación o copyright |
2023. |
| 300 ## - DESCRIPCIÓN FÍSICA |
| Extensión |
96 pages |
| 520 ## - SUMARIO, ETC. |
| Sumario, etc. |
A clear guide that offers solutions and advice on a wide range of contemporary issues, from how to defuse tense situations, to where to turn if you think you are being discriminated against, to stepping in to help others.<br/><br/>While we'd all like a quiet life, there are some workplace situations that can't be ignored. Both virtually and in offices, bullying and discrimination remain problems for many organizations and their employees.<br/><br/>At the same time, key customers can be ever more demanding, won't take no for an answer and aren't afraid to tell you so. Tackle Office Nightmares offers solutions and step-by-step advice to navigating these issues and maintaining a harmonious working environment. It features step-by-step guidance, top tips, common mistakes and advice on how to avoid them, summaries of key points and lists of handy books and weblinks. |
| 650 #0 - PUNTO DE ACCESO ADICIONAL DE MATERIA--TÉRMINO DE MATERIA |
| Término de materia o nombre geográfico como elemento de entrada |
Bullying in the workplace |
| 9 (RLIN) |
3114 |
| 650 #0 - PUNTO DE ACCESO ADICIONAL DE MATERIA--TÉRMINO DE MATERIA |
| Término de materia o nombre geográfico como elemento de entrada |
Discrimination in employment |
| 9 (RLIN) |
25146 |
| 650 #0 - PUNTO DE ACCESO ADICIONAL DE MATERIA--TÉRMINO DE MATERIA |
| Término de materia o nombre geográfico como elemento de entrada |
Work environment |
| 9 (RLIN) |
742 |
| 942 ## - ELEMENTOS DE ENTRADA AGREGADA (KOHA) |
| Fuente del sistema de clasificación o colocación |
Clasificación de Library of Congress |